X-Ray Diagnosis / (Record no. 1472)

MARC details
000 -LEADER
fixed length control field 00583nam a22002057a 4500
003 - CONTROL NUMBER IDENTIFIER
control field OSt
005 - DATE AND TIME OF LATEST TRANSACTION
control field 20150415145416.0
008 - FIXED-LENGTH DATA ELEMENTS--GENERAL INFORMATION
fixed length control field 150415b xxu||||| |||| 00| 0 eng d
020 ## - INTERNATIONAL STANDARD BOOK NUMBER
International Standard Book Number 0632001739
040 ## - CATALOGING SOURCE
Transcribing agency DNLM
082 ## - DEWEY DECIMAL CLASSIFICATION NUMBER
Classification number WN 200 A57x 1981
100 ## - MAIN ENTRY--PERSONAL NAME
Personal name Armstrong Peter
9 (RLIN) 3878
245 ## - TITLE STATEMENT
Title X-Ray Diagnosis /
Statement of responsibility, etc. Peter Armstrong, Martin L Wastie
260 ## - PUBLICATION, DISTRIBUTION, ETC. (IMPRINT)
Place of publication, distribution, etc. Oxford:
Name of publisher, distributor, etc. Blackwell Scientific Publications ;
Date of publication, distribution, etc. 1981.
300 ## - PHYSICAL DESCRIPTION
Extent viii, 344 p :
Other physical details ill ;
Dimensions 26 cm
504 ## - BIBLIOGRAPHY, ETC. NOTE
Bibliography, etc Includes index.
650 ## - SUBJECT ADDED ENTRY--TOPICAL TERM
Topical term or geographic name as entry element X-Ray Diagnosis
9 (RLIN) 3884
700 ## - ADDED ENTRY--PERSONAL NAME
Personal name Wastie Martin L
9 (RLIN) 3880
942 ## - ADDED ENTRY ELEMENTS (KOHA)
Source of classification or shelving scheme Other/Generic Classification Scheme
Koha item type Short Loan
Holdings
Withdrawn status Lost status Source of classification or shelving scheme Damaged status Not for loan Home library Current library Date acquired Source of acquisition Inventory number Total Checkouts Full call number Barcode Date last seen Price effective from Koha item type
    Other/Generic Classification Scheme     MUST Main Library MUST Main Library 15/04/2015   2000/13883   WN 200 A57x 1981 2015-0990 15/04/2015 15/04/2015 Short Loan